Law relating to notaries : (Record no. 29036)

MARC details
000 -LEADER
fixed length control field 01159nam a2200253 a 4500
005 - DATE AND TIME OF LATEST TRANSACTION
control field 20090808150638.0
008 - FIXED-LENGTH DATA ELEMENTS--GENERAL INFORMATION
fixed length control field 950316s1994 ii b 001 0 eng
010 ## - LCCN (DPL NO)
LC control number ENG-93961
020 ## - INTERNATIONAL STANDARD BOOK NUMBER
Terms of availability 425.00
International Standard Book Number 9788175347496
035 ## - SYSTEM CONTROL NUMBER
System control number EN-77494
037 ## - SOURCE OF ACQUISITION
Source of stock number/acquisition DBAD / PUB
040 ## - CATALOGING SOURCE
Original cataloging agency dpl
Language of cataloging English
082 ## - DEWEY DECIMAL CLASSIFICATION NUMBER
Classification number 347.54016
100 ## - MAIN ENTRY--PERSONAL NAME
Personal name Sarvaria, S.K.
245 ## - TITLE STATEMENT
Title Law relating to notaries :
Remainder of title commentary on the Notaries Act, 1952, and Notaries Rules, 1956 along with relevant statutes /
Statement of responsibility, etc by S.K. Sarvaria (and) Snigdha Sarvaria; assisted by Apoorv Sarvaria; foreword by Kailash Gambhir
260 ## - PUBLICATION, DISTRIBUTION, ETC. (IMPRINT)
Place of publication, distribution, etc Delhi
Name of publisher, distributor, etc Universal Law Publishing
Date of publication, distribution, etc 2009
270 ## - ADDRESS
Address C-FF-1A, Dilkush Industrial Estate, (Opp. Hans Cinema, Azadpur) G.T. Karnal Road,
City Delhi
Postal code 110033
300 ## - PHYSICAL DESCRIPTION
Extent xxxvi, 353p.
Dimensions 26cm(Hb)
500 ## - GENERAL NOTE
General note Includes bibliographical references and index
650 ## - SUBJECT ADDED ENTRY--TOPICAL TERM
Topical term or geographic name as entry element Notaries
Geographic subdivision India.
700 ## - ADDED ENTRY--PERSONAL NAME
Personal name Sarvaria, Snigdha
942 ## - ADDED ENTRY ELEMENTS (KOHA)
Source of classification or shelving scheme Dewey Decimal Classification
Item type English Books
Classification part 347.54016
Call number suffix SAR
Holdings
Withdrawn status Lost status Source of classification or shelving scheme Damaged status Not for loan Collection code Home library Current library Date acquired Source of acquisition Cost, normal purchase price Total Checkouts Full call number Barcode Date last seen Copy number Cost, replacement price Koha item type
    Dewey Decimal Classification   Not For Loan Non-fiction D.B.Act.Division D.B.Act.Division 08/08/2009 DBAD / PUB 425.00   347.54016 SAR EN-77494 08/08/2009 1 425.00 English Books

© Delhi Public Library
Hit Counter
free hit counter